000 00580cam a22001697a 4500
008 180718b2009 xxu||||| |||| 00| 0 eng d
020 _a9788182743496
082 _aV50x73 D642
245 _aEnergy law and policy
_cedited by Parag Diwan and A.C. Kher
260 _aNew Delhi
_bPentagon Energy Press
_c2009
300 _a233p.
650 _aEnergy policy --United States.
650 _aPower resources --Law and legislation --United States --Decision making
650 _aPower resources --Law and legislation --United States
700 _aKher, A.C.
700 _aDiwan, Parag
999 _c415111
_d415111